Statistics for Top 20 NBA Players of All-Time

Click here to take the quiz!

General Stats

  • This quiz has been taken 1,064 times
  • The average score is 13 of 20

Answer Stats

HintAnswer% Correct
1Michael Jordan
99%
7Larry Bird
82%
2Kareem Abdul-Jabbar
81%
11Kobe Bryant
81%
8Magic Johnson
81%
6Shaquille O'Neal
78%
4Wilt Chamberlain
76%
3Bill Russell
75%
14Tim Duncan
70%
17Karl Malone
68%
10Moses Malone
67%
12Hakeem Olajuwon
62%
9Jerry West
58%
16John Stockton
54%
5Oscar Robertson
54%
20Charles Barkley
47%
13Julius Erving
47%
18Bob Pettit
29%
15John Havlicek
29%
19Rick Barry
16%

Score Distribution

Percentile by Number Answered

Percent of People with Each Score

Your Score History

You have not taken this quiz